[Event "CSR-ch"]
[Site "Luhacovice"]
[Date "1971.??.??"]
[Round "13"]
[White "Jansa, Vlastimil"]
[Black "Pribyl, Josef"]
[Result "1-0"]
[WhiteElo "2450"]
[BlackElo "2435"]

1.d4 Nf6 2.Bg5 g6 3.Bxf6 exf6 4.e3 f5 5.Bd3 d5 6.Qf3 c6 7.Ne2 Nd7 8.c4 dxc4
9.Bxc4 Nb6 10.Bb3 a5 11.a3 a4 12.Ba2 Bg7 13.Nbc3 Qe7 14.h4 Be6 15.Bxe6 fxe6
16.h5 e5 17.dxe5 Bxe5 18.O-O-O Nc4 19.Nd4 Ra6 20.hxg6 hxg6 21.Nxf5 Qc5 22.Rxh8+ Bxh8
23.Qe4+ Be5 24.Nh4 Nxb2 25.Qxg6+ Kf8 26.Qf5+ Ke8 27.Qe6+  1-0

[Event "Rubinstein mem"]
[Site "Polanica Zdroj"]
[Date "1971.??.??"]
[Round "8"]
[White "Bednarski, Jacek B"]
[Black "Pytel, Krzysztof"]
[Result "1/2-1/2"]
[WhiteElo "2400"]
[BlackElo "2320"]

1.d4 Nf6 2.Bg5 d5 3.Nd2 g6 4.Bxf6 exf6 5.e3 Bd6 6.g3 O-O 7.Bg2 c6 8.Ne2 f5
9.O-O Be6 10.Rc1 Nd7 11.c4 Nf6 12.Nc3 dxc4 13.Qe2 Nd5 14.Nxc4 Nxc3 15.bxc3 Bxc4
16.Qxc4 Qe7 17.Rb1 h5 18.Rb3 h4 19.Qd3 hxg3 20.hxg3 Rab8 21.Rfb1 Rfc8 22.c4 b6
23.a4 c5 24.Bd5 Kg7 25.a5 bxa5 26.Rb7 Rxb7 27.Rxb7 Rc7 28.dxc5 Be5 29.c6 a4
30.f4 Bf6 31.c5 Qd8 32.Kf2 a3 33.Qxa3 Qxd5 34.Rxc7 Qd2+ 35.Kf3 g5 36.fxg5 Qd1+
37.Kf2 Qd2+ 38.Kf3  1/2-1/2

[Event "URS-chT Moscow"]
[Site "Moscow"]
[Date "1972.??.??"]
[Round "?"]
[White "Khugashvili, Tamara"]
[Black "Bilunova, Rimma I"]
[Result "1/2-1/2"]
[WhiteElo "2000"]
[BlackElo "2270"]

1.d4 Nf6 2.Bg5 g6 3.Bxf6 exf6 4.e3 d5 5.Nd2 Bg7 6.g3 O-O 7.Bg2 f5 8.Ne2 c5
9.c3 cxd4 10.cxd4 Nc6 11.Qb3 Ne7 12.Nf4 Be6 13.Qxb7 Qd6 14.Qb3 Rab8 15.Qa3 Qxa3
16.bxa3 Rfc8 17.Nb3 Rc4 18.O-O g5 19.Nd3 Ra4 20.f4 g4 21.Rac1 Rxa3 22.Rc7 Bf8
23.Rf2 Rc8 24.Rxc8 Nxc8 25.Rc2 Nb6 26.Kf2 Nc4 27.Ne5 Nb6 28.Nd3 Bd6 29.Ndc5 Nc4
30.Bf1 Kf8 31.Nd3 Ke7 32.Ke2 Ra6 33.Kf2 Rb6 34.Ne5 Bxe5 35.dxe5 Rc6 36.Bd3 Ra6
37.Ke2 f6 38.exf6+ Kxf6 39.Nd2 Ra4 40.Nb3 Rb4 41.Nd4 Bd7 42.Bxc4 dxc4 43.a3 Ra4
44.Rc3 Be6 45.e4 fxe4 46.Ke3 Bd5 47.Nc2 Bf7 48.Nb4 Kf5 49.Nc6 Bd5 50.Nd4+ Kf6
51.Ne2 Kf5 52.Kd4 Ra5 53.Re3 Bf7 54.Nc3 Rxa3 55.Rxe4 Kf6 56.Re5 Ra1 57.Ne4+ Kg7
58.Rg5+ Kf8 59.Rc5 Ra2 60.Rc8+ Kg7 61.Rc7 Kf8 62.Ng5 Bg6 63.Nxh7+ Bxh7 64.Rxh7 Rc2
65.Rxa7 Rxh2 66.Kxc4 Rf2 67.Ra3 Kf7 68.Kd4 Kf6 69.Rc3 Ke6 70.Ke4 Rg2 71.Re3 Rf2
72.Kd4+ Kf6 73.Rb3 Rd2+ 74.Ke3 Rg2 75.Rb6+ Kf5 76.Rb5+ Kf6 77.Ke4 Rxg3 78.Rb6+ Kf7
79.Kf5 Rg1 80.Rb7+ Ke8 81.Kf6 g3 82.Rb8+ Kd7 83.Rg8 g2 84.f5 Kc7 85.Rg5 Kd6
86.Kg6 Ke7 87.f6+ Kf8  1/2-1/2

[Event "URS-chT Moscow"]
[Site "Moscow"]
[Date "1972.??.??"]
[Round "?"]
[White "Khugashvili, Tamara"]
[Black "Vilerte, Benita"]
[Result "1-0"]
[WhiteElo "2000"]
[BlackElo "2000"]

1.d4 Nf6 2.Bg5 d5 3.Nd2 e6 4.e3 Be7 5.c4 O-O 6.Ngf3 b6 7.Rc1 Bb7 8.a3 Ne4
9.Bf4 c5 10.cxd5 Bxd5 11.Bd3 Nxd2 12.Qxd2 Nd7 13.e4 Bb7 14.b4 Rc8 15.O-O Nf6
16.Rfe1 c4 17.Rxc4 Rxc4 18.Bxc4 Bxe4 19.Ne5 Qa8 20.Bf1 Bd5 21.Qd3 Rd8 22.Bg5 h6
23.Bf4 Be4 24.Qe3 Bb7 25.Nxf7 Bd5 26.Nxd8 Qxd8 27.Be2 Qf8 28.Be5 a5 29.bxa5 bxa5
30.Bxf6 gxf6 31.a4 f5 32.Bf3 Bg5 33.Qc3 Qb4 34.Qxb4 axb4 35.Bxd5 exd5 36.a5 Bf6
37.Rb1 Bxd4 38.Rxb4 Bc3  1-0

[Event "URS-chT Moscow"]
[Site "Moscow"]
[Date "1972.??.??"]
[Round "?"]
[White "Bazhina, E."]
[Black "Semenova, Lidia K"]
[Result "0-1"]
[WhiteElo "2000"]
[BlackElo "2265"]

1.d4 Nf6 2.Bg5 d5 3.Nd2 c6 4.e3 Bf5 5.c4 Qb6 6.Qb3 Nbd7 7.Ngf3 e6 8.c5 Qxb3
9.axb3 h6 10.Bh4 g5 11.Bg3 Nh5 12.b4 Nxg3 13.hxg3 Bg7 14.b5 O-O 15.b4 e5
16.Nb3 g4 17.Nxe5 Nxe5 18.dxe5 Bxe5 19.Nd4 Bxd4 20.exd4 Rfe8+ 21.Kd2 Re6
22.bxc6 bxc6 23.f3 Rb8 24.Rh5 Bh7 25.Ra4 a5 26.b5 cxb5 27.Rxa5 b4 28.Rb5 Ra8
29.Re5 Ra2+ 30.Ke3 Rf6 31.f4 Rfa6 32.f5 R6a3+ 33.Bd3 Rxg2 34.c6 Rxg3+ 35.Ke2 Ra2+
36.Kf1 Rxd3 37.c7 Bxf5 38.Rb8+ Kg7 39.c8=Q  0-1

[Event "URS-chT Moscow"]
[Site "Moscow"]
[Date "1972.??.??"]
[Round "?"]
[White "Tsereteli, Mzia"]
[Black "Gasiunas, Natalia"]
[Result "0-1"]
[WhiteElo "2200"]
[BlackElo "2200"]

1.d4 Nf6 2.Bg5 g6 3.Bxf6 exf6 4.Nf3 Bg7 5.e3 O-O 6.c4 b6 7.Nc3 Bb7 8.Be2 d6
9.Qd2 Nd7 10.h4 h5 11.O-O-O f5 12.Rdg1 Bf6 13.Rh3 a6 14.Ng5 Bxg5 15.hxg5 Kg7
16.f4 Qe7 17.Bd3 f6 18.gxf6+ Nxf6 19.d5 c6 20.dxc6 Bxc6 21.Kb1 Rfd8 22.Rc1 d5
23.cxd5 Bxd5 24.Qe2 b5 25.Rhh1 b4 26.Nxd5 Nxd5 27.Rhe1 a5 28.Bb5 Rab8 29.Bc4 Nc3+
30.bxc3 bxc3+ 31.Bb3 Qb4 32.Qc2 Rdc8 33.Red1 a4 34.Rd7+ Kh6 35.Rd4 axb3 36.axb3 Qa3
37.Qa2 Rxb3+ 38.Ka1 Qxc1+  0-1

[Event "URS-chT Moscow"]
[Site "Moscow"]
[Date "1972.??.??"]
[Round "?"]
[White "Kobaidze, Tsiuri"]
[Black "Kristol, Luba"]
[Result "1/2-1/2"]
[WhiteElo "2125"]
[BlackElo "2000"]

1.d4 d5 2.Bg5 Nf6 3.Bxf6 gxf6 4.Nf3 Bg4 5.e3 c6 6.c4 e5 7.Qb3 Qa5+ 8.Nc3 Bb4
9.a3 Bxc3+ 10.Qxc3 Qxc3+ 11.bxc3 Bxf3 12.gxf3 Nd7 13.Rb1 O-O-O 14.cxd5 cxd5
15.Bh3 Kb8 16.Ke2 Nb6 17.Rhg1 Rdg8 18.Bf5 h6 19.h4 Kc7 20.Kd3 Nc4 21.Rxg8 Rxg8
22.Rb5 Nb6 23.e4 Rd8 24.Rb1 Rg8 25.Bh3 a6 26.Re1 Kd6 27.Rb1 Kc7 28.Re1 Kd6
29.Rb1 Kc6 30.Re1 Nc4 31.Ra1 b5 32.Kc2 Nb6 33.Kd3 Nc4 34.Kc2 Nb6 35.Kd3 Kd6
36.Kc2  1/2-1/2

[Event "Stary Smokovec"]
[Site "Stary Smokovec"]
[Date "1972.??.??"]
[Round "5"]
[White "Plachetka, Jan"]
[Black "Banas, Jan"]
[Result "0-1"]
[WhiteElo "2370"]
[BlackElo "2200"]

1.d4 Nf6 2.Bg5 c5 3.e3 Qb6 4.Nf3 Ne4 5.Nc3 Nxg5 6.Nxg5 e6 7.Bd3 cxd4 8.exd4 Qxb2
9.Nb5 Qb4+ 10.c3 Qa5 11.Qh5 g6 12.Qf3 f5 13.Qg3 Nc6 14.O-O d6 15.Rfe1 Be7
16.d5 Ne5 17.Rxe5 dxe5 18.Qxe5 O-O 19.Nxe6 Bf6 20.Qc7 Qxc7 21.Nexc7 Rb8 22.Nxa7 Bxc3
23.Rc1 Be5 24.Nab5 Bd7 25.d6 Rbc8 26.Bc4+ Kh8 27.Na7 Rcd8 28.Rd1 Rf6 29.Nab5 Bxb5
30.Nxb5 Bxd6 31.g3 Be7 32.Re1 Bc5 33.Re5 b6 34.Re2 f4  0-1

[Event "Stary Smokovec"]
[Site "Stary Smokovec"]
[Date "1972.??.??"]
[Round "7"]
[White "Plachetka, Jan"]
[Black "Franzen, Josef"]
[Result "1-0"]
[WhiteElo "2370"]
[BlackElo "2330"]

1.d4 Nf6 2.Bg5 c5 3.e3 Qa5+ 4.c3 cxd4 5.Bxf6 gxf6 6.exd4 d5 7.Bd3 h5 8.Nf3 Nc6
9.Nbd2 Rg8 10.Nh4 Bg4 11.Qc2 e5 12.Nb3 Qc7 13.Bf5 Rg5 14.O-O Bxf5 15.Nxf5 O-O-O
16.f4 exf4 17.Nh4 Bd6 18.Nf3 Rg6 19.Qf5+ Qd7 20.Qxh5 Rdg8 21.Rf2 Ne7 22.Nh4 Rg5
23.Qxf7 Qh3 24.Qxf6 f3 25.Qxd6 Rxg2+ 26.Rxg2 Rxg2+ 27.Kh1 Qxh4 28.Nc5 Qh3
29.Ne6 Rxh2+ 30.Qxh2 Qxe6 31.Rf1 Qg4 32.Rg1 Qe4 33.Qh8+ Kd7 34.Qh3+ Nf5 35.Rf1 f2+
36.Kh2 Qf4+ 37.Kg2 Kc6 38.Rxf2 Nh4+ 39.Kg1 Qe4 40.Qc8+  1-0

[Event "CSR-ch"]
[Site "Trinec"]
[Date "1972.??.??"]
[Round "15"]
[White "Meduna, Eduard"]
[Black "Smejkal, Jan"]
[Result "1/2-1/2"]
[WhiteElo "2285"]
[BlackElo "2515"]

1.d4 Nf6 2.Bg5 g6 3.Bxf6 exf6 4.e3 Bg7 5.Bd3 f5 6.Ne2 d6 7.O-O O-O 8.Nd2 Nd7
9.Nf4 Nf6 10.c3 Re8 11.Qc2 Bd7 12.a4 Bc6 13.b4 Bh6 14.b5 Be4 15.Nxe4 fxe4
16.Be2 Bxf4 17.exf4 Qd7 18.Rfe1 h5 19.c4 Qf5 20.Qd2 Re7 21.Qe3 Rae8 22.a5 d5
23.c5 Nh7 24.Reb1 b6 25.Rc1 Nf8 26.axb6 axb6 27.cxb6 cxb6 28.Rc6 Ne6 29.g3 Qf6
30.Rd1 Rb7 31.f3 Qf5 32.fxe4 dxe4 33.Bc4 Nf8 34.Rd6 Rc7 35.Bd5 Rc2 36.Bb3 Rb2
37.Qc3 Rxb3 38.Qxb3 e3 39.Re1 e2 40.Kf2 Qh3 41.Qf3 h4 42.Kg1 hxg3 43.hxg3 Re4
44.Rd8 Kg7 45.d5 Nh7 46.d6 Nf6 47.d7 Rd4 48.Re8 Qxd7 49.R8xe2 Qxb5 50.Kg2 Qc5
51.Re5 Qd6 52.R1e2 b5 53.Rxb5 Rd3 54.Qb7 Qa3 55.Rg5 Nh7 56.Rg4 Nf6 57.Rg5 Nh7
58.Qb8 Nxg5 59.fxg5 Qd6 60.Qb2+ Kh7 61.Qe5  1/2-1/2

[Event "Madonna di Campiglio"]
[Site "Madonna di Campiglio"]
[Date "1974.??.??"]
[Round "4"]
[White "Jansa, Vlastimil"]
[Black "Micheli, Carlo"]
[Result "1/2-1/2"]
[WhiteElo "2475"]
[BlackElo "2315"]

1.d4 Nf6 2.Bg5 g6 3.Bxf6 exf6 4.e3 f5 5.Bd3 Bh6 6.Nd2 d6 7.h4 Nd7 8.h5 Nf6
9.hxg6 hxg6 10.Ne2 Kf8 11.Nf4 Kg7 12.Qf3 Bxf4 13.Rxh8 Qxh8 14.exf4 Be6 15.O-O-O Bd5
16.Qg3 Qh6 17.Be2 Re8 18.Bf3 b5 19.Nf1 Ne4 20.Bxe4 Rxe4 21.Ne3 Rxf4 22.f3 Rh4
23.Qe1 Bc6 24.d5 Bd7 25.g3 Rh3 26.f4 Kg8 27.Nf1 Qf8 28.Qe3 a6 29.Re1 Bc8
30.Qe7 Qxe7 31.Rxe7 Rh1 32.Rxc7 Rxf1+ 33.Kd2 Be6 34.dxe6 fxe6 35.Re7 Rf2+
36.Kd3 e5 37.fxe5 dxe5 38.Rxe5 Kf7 39.Re3 Kf6 40.a3 a5  1/2-1/2

[Event "CSR-ch"]
[Site "Rimavska Sobota"]
[Date "1974.??.??"]
[Round "7"]
[White "Lechtynsky, Jiri"]
[Black "Modr, Bretislav"]
[Result "1/2-1/2"]
[WhiteElo "2390"]
[BlackElo "2200"]

1.d4 Nf6 2.Bg5 d5 3.Bxf6 exf6 4.e3 g6 5.Bd3 Bg7 6.Qf3 c6 7.Ne2 Na6 8.c3 Nc7
9.Nd2 Qe7 10.Nf4 Ne6 11.O-O-O Nxf4 12.exf4 f5 13.Qg3 O-O 14.h4 h5 15.Nf3 Qd6
16.Ne5 b5 17.b4 a5 18.a3 Be6 19.Kb2 Rfb8 20.Rhe1 Bd7 21.Bc2 Be8 22.Qe3 Ra7
23.g3 Rba8 24.Ra1 Bf8 25.Nd3 Qd8 26.Nc5 axb4 27.axb4 Bxc5 28.dxc5 Rxa1 29.Rxa1 Rxa1
30.Kxa1 f6 31.Qe6+ Kf8 32.Kb2 Qe7 33.Qxe7+ Kxe7 34.Kc1 Ke6 35.Kd2 Bd7 36.Ke3 Be8
37.Kd4 Bd7 38.Bd1 Be8 39.Bf3 Kd7 40.Bg2 Bf7 41.f3 Be6 42.Bf1 Ke7 43.Bd3 Bf7
44.Ke3 Ke6 45.Bc2 Be8  1/2-1/2

[Event "IBM"]
[Site "Amsterdam"]
[Date "1975.??.??"]
[Round "5"]
[White "Bohm, Hans"]
[Black "Ljubojevic, Ljubomir"]
[Result "1/2-1/2"]
[WhiteElo "2300"]
[BlackElo "2615"]

1.d4 Nf6 2.Bg5 c5 3.d5 Qa5+ 4.c3 Qb6 5.Bxf6 Qxf6 6.e4 g6 7.Nd2 Bg7 8.Ngf3 O-O
9.e5 Qb6 10.Nc4 Qd8 11.Bd3 d6 12.exd6 exd6 13.O-O Na6 14.a4 Nc7 15.Bc2 b6
16.Re1 Bb7 17.Ne3 a6 18.Qd2 b5 19.b3 f5 20.Rad1 f4 21.Nf1 Bxd5 22.Be4 Bxb3
23.Bxa8 Nxa8 24.axb5 Bxd1 25.Qxd1 axb5 26.Qd5+ Kh8 27.Ng5 Bxc3 28.Re4 Nc7
29.Qf7 Bg7 30.Re7 Ne8 31.Qe6 Nf6 32.Nf7+ Rxf7 33.Rxf7  1/2-1/2

[Event "CSR-ch"]
[Site "Brno"]
[Date "1975.??.??"]
[Round "8"]
[White "Lechtynsky, Jiri"]
[Black "Barcza, Gedeon"]
[Result "1/2-1/2"]
[WhiteElo "2410"]
[BlackElo "2460"]

1.d4 Nf6 2.Bg5 d5 3.Bxf6 exf6 4.e3 Nc6 5.c3 Bd6 6.Bd3 Ne7 7.Nd2 f5 8.Ne2 c6
9.Qc2 Qc7 10.g3 g6 11.c4 dxc4 12.Bxc4 Ng8 13.Rc1 Nf6 14.Bb3 Qe7 15.d5 O-O
16.dxc6 bxc6 17.h4 c5 18.h5 Nxh5 19.Rxh5 gxh5 20.Nf3 Rb8 21.Nf4 Bxf4 22.gxf4 Qe4
23.Qxe4 fxe4 24.Ng5 Bb7 25.Rxc5 Rbc8 26.Re5 Rc7 27.Nxe4 Bxe4 28.Rxe4 Rc1+
29.Ke2 Rb1 30.Re7 h4 31.Kf3 h3 32.Kg3 Rxb2 33.Rxa7 Kg7 34.Rc7  1/2-1/2

[Event "ARG-ch"]
[Site "Buenos Aires"]
[Date "1975.??.??"]
[Round "3"]
[White "Casas, Ernesto"]
[Black "Panno, Oscar"]
[Result "0-1"]
[WhiteElo "2360"]
[BlackElo "2545"]

1.d4 Nf6 2.Bg5 c5 3.Bxf6 gxf6 4.c3 Qb6 5.Qd2 d5 6.e3 Bf5 7.Nf3 e6 8.Nh4 Be4
9.f3 Bg6 10.Nxg6 hxg6 11.g3 Nc6 12.Bg2 O-O-O 13.Qc2 e5 14.dxe5 fxe5 15.Nd2 c4
16.Kf2 Bc5 17.Rae1 Bxe3+ 18.Rxe3 d4 19.Nxc4 dxe3+ 20.Nxe3 f5 21.Ke2 Qa6+
22.Ke1 Qxa2 23.h4 f4 24.Nf1 Qf7 25.Qa4 Kb8 26.Nd2 fxg3  0-1

[Event "Club Argentino"]
[Site "Buenos Aires"]
[Date "1975.??.??"]
[Round "7"]
[White "Rossetto, Hector"]
[Black "Cuasnicu, Oscar"]
[Result "1-0"]
[WhiteElo "2430"]
[BlackElo "2410"]

1.d4 Nf6 2.Bg5 c5 3.d5 Ne4 4.Bh4 g5 5.Bg3 Bg7 6.c3 Qb6 7.Qc1 Qg6 8.Nd2 Nxg3
9.hxg3 d6 10.e4 Nd7 11.Ngf3 h5 12.Qc2 a6 13.a4 Qf6 14.Be2 g4 15.Nh4 Ne5 16.Nc4 Nxc4
17.Bxc4 Bh6 18.a5 Qe5 19.Qe2 Bg5 20.Bb3 Bd7 21.Bc4 Kf8 22.Ra3 Kg7 23.Rb3 Rab8
24.Rb6 e6 25.O-O Bxh4 26.gxh4 exd5 27.Bxd5 Rhe8 28.Qd2 Bc8 29.f4 Qe7 30.g3 f6
31.Re1 Qc7 32.Bc4 Be6 33.Bxe6 Rxe6 34.Qd5 Qf7 35.Rxd6 Rxd6 36.Qxd6 Rc8 37.e5 Rc6
38.exf6+ Kg6 39.f5+ Kh7 40.Qd8 Qxf6 41.Re7+ Kh6 42.Qd2+  1-0

[Event "Club Argentino"]
[Site "Buenos Aires"]
[Date "1975.??.??"]
[Round "8"]
[White "Rossetto, Hector"]
[Black "Sanguineti, Raul"]
[Result "1/2-1/2"]
[WhiteElo "2430"]
[BlackElo "2530"]

1.d4 Nf6 2.Bg5 c5 3.d5 Ne4 4.Bh4 g5 5.Bg3 Qb6 6.Qc1 Bg7 7.c3 Qh6 8.Nh3 d6
9.Nd2 Nxg3 10.fxg3 Qg6 11.e4 Nd7 12.Be2 O-O 13.O-O Ne5 14.Qd1 Bd7 15.a4 f5
16.exf5 Bxf5 17.Nc4 h6 18.Bh5 Qh7 19.Nxe5 Bxe5 20.Nf2 Kg7 21.Qd2 Rf6 22.Rae1 Raf8
23.Nd1 Bc2 24.Rxf6 exf6 25.Ne3 Bxa4 26.Ra1 Bb5 27.Rxa7 Kh8 28.Be2 Bxe2 29.Qxe2 Qe4
30.Qf2 b5 31.h4 gxh4 32.gxh4 b4 33.Qf3 Qxf3 34.gxf3 bxc3 35.bxc3 Bxc3 36.Nf5 Be5
37.Nxh6 c4 38.Rc7 c3 39.Nf5 Rb8 40.f4 Bxf4 41.Rxc3 Rb5 42.h5 Rxd5 43.Rc8+ Kh7
44.Rc7+ Kh8 45.Rc8+ Kh7  1/2-1/2

[Event "ARG-ch"]
[Site "Buenos Aires"]
[Date "1975.??.??"]
[Round "9"]
[White "Casas, Ernesto"]
[Black "Sanguineti, Raul"]
[Result "0-1"]
[WhiteElo "2360"]
[BlackElo "2530"]

1.d4 Nf6 2.Bg5 c5 3.Bxf6 gxf6 4.d5 Qb6 5.Qc1 Bh6 6.e3 f5 7.g3 Bg7 8.c3 Qd6
9.Qd1 b6 10.Na3 a6 11.Nc4 Qc7 12.Bg2 d6 13.Qh5 Nd7 14.Nh3 Nf6 15.Qf3 b5 16.Nd2 Rb8
17.O-O e6 18.dxe6 fxe6 19.Qc6+ Qxc6 20.Bxc6+ Ke7 21.Bg2 e5 22.Rad1 Rd8 23.Rfe1 d5
24.f3 Be6 25.Nf2 c4 26.a3 a5 27.Bf1 h5 28.Kg2 Bh6 29.Nh3 b4 30.axb4 axb4
31.f4 bxc3 32.bxc3 Rb2 33.Nf2 Ra8 34.Re2 Raa2 35.h3 e4 36.g4 fxg4 37.hxg4 Nxg4
38.Nxg4 Bxg4 39.Kf2 Bg7  0-1

[Event "Las Palmas"]
[Site "Las Palmas"]
[Date "1975.??.??"]
[Round "14"]
[White "Rodriguez Vargas, Orestes"]
[Black "Hort, Vlastimil"]
[Result "0-1"]
[WhiteElo "2435"]
[BlackElo "2600"]

1.d4 Nf6 2.Bg5 c5 3.d5 Ne4 4.Bh4 Qb6 5.Qc1 g5 6.Bg3 Bg7 7.c3 Qh6 8.Bxb8 Rxb8
9.Nd2 Nxd2 10.Qxd2 b5 11.Nf3 b4 12.Nxg5 bxc3 13.bxc3 Qa6 14.Rc1 Qa3 15.e4 Rb1
16.Kd1 Bxc3 17.Qc2 Rxc1+ 18.Qxc1 Qb4 19.Bd3 Rg8 20.Nf3 Rxg2 21.Rg1 Qa4+ 22.Qc2 Qxc2+
23.Kxc2 Rxg1 24.Nxg1 Bd4 25.Nh3 d6 26.Bf1 h6  0-1

[Event "Lone Pine"]
[Site "Lone Pine"]
[Date "1975.??.??"]
[Round "2"]
[White "Rossetto, Hector"]
[Black "Levy, David Neil Lawrence"]
[Result "1-0"]
[WhiteElo "2430"]
[BlackElo "2325"]

1.d4 Nf6 2.Bg5 d5 3.Nf3 Ne4 4.Bf4 Nd7 5.e3 c6 6.Be2 g6 7.O-O Bg7 8.c4 Ndf6
9.Nc3 Nh5 10.Be5 f6 11.Bg3 Nhxg3 12.hxg3 Be6 13.Nxe4 dxe4 14.Nd2 f5 15.g4 O-O
16.gxf5 gxf5 17.Qc2 Qe8 18.f4 exf3 19.Nxf3 Bh6 20.Kf2 Qg6 21.Rh1 Rf7 22.Rag1 Rg7
23.Qd3 b5 24.cxb5 cxb5 25.g3 Bc4 26.Qd2 Bxe2 27.Qxe2 Qe6 28.Ne5 Bg5 29.Qxb5 Qxa2
30.Ra1 Qe6 31.Ra6 Qc8 32.Rc6 Qb8 33.Qd5+  1-0

[Event "Lone Pine"]
[Site "Lone Pine"]
[Date "1975.??.??"]
[Round "4"]
[White "Quinteros, Miguel A"]
[Black "Browne, Walter S"]
[Result "1/2-1/2"]
[WhiteElo "2505"]
[BlackElo "2550"]

1.d4 Nf6 2.Bg5 c5 3.d5 Qb6 4.Nc3 Qxb2 5.Bd2 Qb6 6.e4 d6 7.f4 Nfd7 8.Nf3 g6
9.e5 a6 10.Bc4 Bg7 11.Qe2 O-O 12.e6 fxe6 13.Ng5 Nf6 14.Nxe6 Bxe6 15.Qxe6+ Rf7
16.Qc8+ Rf8 17.Qe6+ Kh8 18.Rb1 Qc7 19.a4 Qd7 20.Qxd7 Nbxd7 21.Rxb7 Rfb8 22.Rxb8+ Rxb8
23.Ke2 Rb4 24.Bxa6 Ne4 25.Nxe4 Rxe4+ 26.Kf2 Rxa4 27.Bb5 Bd4+ 28.Ke2 Ra7 29.Bxd7 Rxd7
30.f5 Kg7 31.fxg6 hxg6 32.h4 Ra7 33.h5 gxh5 34.Rxh5 Bf6 35.Rf5 Kg6 36.Rf3 Ra2
37.Kd1 Ra1+ 38.Ke2 Rg1 39.Rg3+ Kf5 40.Kd3 Bh4 41.Rf3+ Kg4 42.Rf4+ Kh5 43.g4+ Kg6
44.Re4 Rg3+ 45.Kc4 Rg2 46.Kd3 Rg3+ 47.Ke2 Rg2+  1/2-1/2

[Event "Quito"]
[Site "Quito"]
[Date "1975.??.??"]
[Round "2"]
[White "Rossetto, Hector"]
[Black "Yepez, Trotzky"]
[Result "0-1"]
[WhiteElo "2430"]
[BlackElo "2215"]

1.d4 Nf6 2.Bg5 d5 3.Nf3 e6 4.e3 Be7 5.c4 O-O 6.Nc3 Nbd7 7.cxd5 exd5 8.Qc2 c6
9.Bd3 Re8 10.O-O Nf8 11.Rab1 Ne4 12.Bxe7 Qxe7 13.b4 a6 14.a4 Ng6 15.Rfe1 Bf5
16.Nd2 Nh4 17.Nf1 Nxc3 18.Qxc3 Be4 19.Bxe4 Qxe4 20.f3 Qg6 21.Ng3 h5 22.Rb2 Nxf3+
23.gxf3 h4 24.Kf2 hxg3+ 25.hxg3 Re6 26.Rbe2 Qh5 27.Rg1 Rae8 28.Qd3 Rf6 29.e4 Qh7
30.Kg2 Rh6 31.b5 Rh2+ 32.Kf1 Rxe2 33.Qxe2 dxe4 34.bxa6 bxa6 35.Qe3 Qh3+ 36.Kf2 Qf5
37.Rc1 Re6 38.Rc5 Qh7 39.f4 Qh2+ 40.Ke1 Rh6 41.Re5  0-1

[Event "URS-chT"]
[Site "Riga"]
[Date "1975.??.??"]
[Round "?"]
[White "Gurgenidze, Bukhuti"]
[Black "Podgaets, Mikhail"]
[Result "1/2-1/2"]
[WhiteElo "2495"]
[BlackElo "2500"]

1.d4 Nf6 2.Bg5 d5 3.Bxf6 exf6 4.e3 c6 5.c4 dxc4 6.Bxc4 Bd6 7.Qc2 O-O 8.Bd3 f5
9.Nd2 g6 10.Ne2 Nd7 11.O-O Nf6 12.a3 Be6 13.g3 Rc8 14.b4 a5 15.bxa5 c5 16.Qb2 c4
17.Bc2 Qxa5 18.Nc3 b5 19.Ndb1 Rb8 20.Bd1 Bd7 21.Bf3 Rfc8 22.Ra2 Qd8 23.Rc1 h5
24.h4 Ng4 25.e4 fxe4 26.Nxe4 Bf8 27.Nbc3 Bf5 28.Rd1 Bg7 29.Qd2 Rc7 30.Qg5  1/2-1/2

[Event "SWE-ch"]
[Site "?"]
[Date "1975.??.??"]
[Round "?"]
[White "Schussler, Harry"]
[Black "Svensson, Gert"]
[Result "1/2-1/2"]
[WhiteElo "2200"]
[BlackElo "2200"]

1.d4 Nf6 2.Bg5 d5 3.Bxf6 exf6 4.e3 Bf5 5.Nf3 Bd6 6.Bd3 Qd7 7.O-O O-O 8.Nh4 Bxd3
9.Qxd3 g6 10.Nd2 Re8 11.c4 dxc4 12.Nxc4 Nc6 13.Nf3 Bf8 14.a3 a5 15.Rac1 a4
16.Rc2 Na5 17.Nfd2 Nxc4 18.Nxc4 Red8 19.Nd2 Ra6 20.Ne4 Rb6 21.Rfc1 c5 22.Nxc5 Bxc5
23.Rxc5 Rxb2 24.R5c2 Rb3 25.Rc3 Rb2 26.Rc7 Qd5 27.Qc4 Qxc4 28.R7xc4 b5 29.Rb4 Rxb4
30.axb4 a3 31.Kf1 Ra8 32.Ra1 Ra4 33.Ke2 Rxb4 34.Rxa3 Rb2+ 35.Kf3 f5 36.Ra8+  1/2-1/2

[Event "SWE-ch"]
[Site "?"]
[Date "1975.??.??"]
[Round "?"]
[White "Schussler, Harry"]
[Black "Liljedahl, Lennart"]
[Result "1/2-1/2"]
[WhiteElo "2200"]
[BlackElo "2325"]

1.d4 Nf6 2.Bg5 d5 3.Bxf6 gxf6 4.e3 Bf5 5.Ne2 e6 6.Ng3 Bg6 7.c3 c5 8.Nd2 cxd4
9.cxd4 a6 10.Be2 Nc6 11.O-O Bd6 12.Rc1 Rc8 13.Nb3 h5 14.Nc5 Qc7 15.f4 h4
16.Nh1 Ke7 17.Nf2 Bf5 18.Bd3 Bxd3 19.Nfxd3 b6 20.Nxa6 Qb7 21.Qa4 Na5 22.Qb5 Nc4
23.Rfe1 Rhg8 24.Nac5 Qa7 25.Na4 Ra8 26.b3 Nd2 27.Re2 Ne4 28.Qxb6 h3 29.Qxa7+ Rxa7
30.g3 Raa8 31.Nf2 f5 32.Nxh3 f6 33.Nf2 Nxg3 34.hxg3 Rxg3+ 35.Kh2 Rag8 36.Nh3 e5
37.Nc3 Ke6 38.Rcc2  1/2-1/2

[Event "Hoogovens-B"]
[Site "Wijk aan Zee"]
[Date "1975.??.??"]
[Round "7"]
[White "Bukic, Enver"]
[Black "Schmidt, Wlodzimierz"]
[Result "1/2-1/2"]
[WhiteElo "2455"]
[BlackElo "2465"]

1.d4 Nf6 2.Bg5 c5 3.d5 Qb6 4.Nc3 Qxb2 5.Bd2 Qb6 6.e4 e5 7.f4 d6 8.fxe5 dxe5
9.Nf3 Nbd7 10.Bc4 a6 11.O-O g6 12.Qe2 Bg7 13.a4 O-O 14.Ng5 Qd6  1/2-1/2

[Event "Hoogovens-B"]
[Site "Wijk aan Zee"]
[Date "1975.??.??"]
[Round "14"]
[White "Bohm, Hans"]
[Black "Sznapik, Aleksander"]
[Result "1-0"]
[WhiteElo "2300"]
[BlackElo "2330"]

1.d4 Nf6 2.Bg5 d5 3.Nd2 c6 4.Bxf6 gxf6 5.e3 Bf5 6.Bd3 Bxd3 7.cxd3 e6 8.Ne2 Nd7
9.a3 Bd6 10.Ng3 f5 11.f4 Qe7 12.O-O h5 13.e4 h4 14.Ne2 fxe4 15.dxe4 dxe4
16.Nxe4 O-O-O 17.b4 Kb8 18.Qb3 Nf6 19.Nc5 Nd5 20.Rac1 Rhg8 21.Rf3 Rg4 22.b5 cxb5
23.Qxb5 Nxf4 24.Nxf4 Rxf4 25.Na6+ Ka8 26.Rfc3 Rb8 27.Nxb8 Bxb8 28.Rc8 Rg4
29.Rxb8+  1-0

[Event "Rovinj/Zagreb"]
[Site "Zagreb"]
[Date "1975.??.??"]
[Round "6"]
[White "Kovacevic, Vlatko"]
[Black "Hulak, Krunoslav"]
[Result "1/2-1/2"]
[WhiteElo "2465"]
[BlackElo "2475"]

1.d4 Nf6 2.Bg5 g6 3.Nd2 d5 4.Bxf6 exf6 5.c3 Bg7 6.e3 O-O 7.Bd3 f5 8.Ne2 Nd7
9.O-O Nf6 10.Qc2 Qd6 11.Rfd1 Re8 12.Nf1 Bd7 13.Rac1 Re7 14.b3 Bh6 15.c4 c6
16.c5 Qc7 17.b4 Rae8 18.g3 Ne4 19.a4 Bg7 20.b5 h5 21.bxc6 bxc6 22.h4 Bh6
23.Nf4 Bc8 24.Rb1 Qa5 25.Rb8 Bxf4 26.gxf4 Ba6 27.Rxe8+ Rxe8 28.Bxa6 Qxa6
29.Rb1 Kg7 30.Rb4 Re7 31.f3 Nf6 32.Qb2 Nh7 33.Kf2 Nf8 34.Ng3 Ne6 35.Ne2 Nd8
36.Nc1 Rb7 37.Qc3 Rxb4 38.Qxb4 Qb7 39.Qxb7 Nxb7 40.Nb3 Kf6 41.Ke2 Ke6 42.Kd3 f6
43.Nd2 Nd8 44.Nf1 Kd7  1/2-1/2

[Event "Rovinj/Zagreb"]
[Site "Zagreb"]
[Date "1975.??.??"]
[Round "11"]
[White "Kovacevic, Vlatko"]
[Black "Nikolac, Juraj"]
[Result "1-0"]
[WhiteElo "2465"]
[BlackElo "2470"]

1.d4 Nf6 2.Bg5 d5 3.e3 e6 4.Nd2 Be7 5.Bd3 Nbd7 6.f4 b6 7.Nh3 Bb7 8.Qf3 c5
9.c3 Qc7 10.a4 Bc6 11.O-O h6 12.Bxf6 Bxf6 13.Nf2 Be7 14.Qh3 g6 15.Qg3 g5
16.Qf3 O-O-O 17.Ba6+ Kb8 18.Nd3 f6 19.Qe2 Ka8 20.Bb5 Bd6 21.Bxc6+ Qxc6 22.Qf3 f5
23.Ne5 Bxe5 24.fxe5 g4 25.Qe2 Nf8 26.Nb1 c4 27.Nd2 Rh7 28.e4 dxe4 29.Nxc4 Ng6
30.Nd6 Rxd6 31.exd6 Qxd6 32.a5 Rb7 33.Qb5 Nf4 34.Rxf4 bxa5 35.Qe5  1-0

[Event "Capablanca mem-C 13th"]
[Site "Cienfuegos"]
[Date "1976.05.18"]
[Round "2"]
[White "Bueno Perez, Lazaro"]
[Black "Cobo Arteaga, Eldis"]
[Result "0-1"]
[WhiteElo "2200"]
[BlackElo "2370"]

1.d4 Nf6 2.Bg5 d5 3.Nd2 Nbd7 4.Ngf3 g6 5.e3 Bg7 6.Bd3 O-O 7.O-O c6 8.c3 Re8
9.e4 dxe4 10.Nxe4 Nxe4 11.Bxe4 Nf6 12.Bd3 Bg4 13.h3 Bxf3 14.Qxf3 Qd5 15.Qxd5 cxd5
16.Rfe1 e6 17.Bf4 Rac8 18.Be5 Nd7 19.Bxg7 Kxg7 20.f4 h5 21.g3 Nb6 22.g4 hxg4
23.hxg4 Rh8 24.f5 gxf5 25.gxf5 Kf6 26.fxe6 Rcg8+ 27.Kf1 fxe6 28.Rab1 Rh3
29.Be2 Rh2 30.b3 Rgg2 31.Rb2 Nc8 32.Rc1 Nd6 33.Rcc2 Ne4 34.Ke1 Rg1+ 35.Bf1 Rhh1
36.Rf2+ Nxf2 37.Rxf2+ Ke7 38.Rf3 Rh2 39.Rf2 Rxf2 40.Kxf2 Rg8 41.Ke3 Rg3+
42.Kd2 Kd6 43.Be2 e5 44.dxe5+  0-1

[Event "Capablanca mem-C 13th"]
[Site "Cienfuegos"]
[Date "1976.05.29"]
[Round "13"]
[White "Garces, Napoleon"]
[Black "Triana, Justo"]
[Result "0-1"]
[WhiteElo "2260"]
[BlackElo "2330"]

1.d4 Nf6 2.Bg5 c5 3.d5 Ne4 4.Bf4 Qb6 5.Nc3 Qxb2 6.Nxe4 Qb4+ 7.Qd2 Qxe4 8.Nf3 d6
9.e3 Qb4 10.c3 Qa5 11.Rb1 Nd7 12.e4 g6 13.Qc2 Bg7 14.Bd2 O-O 15.Be2 Qc7 16.O-O Nf6
17.h3 Rb8 18.c4 Re8 19.Bc3 Nh5 20.Bxg7 Kxg7 21.Qa4 Bd7 22.Qxa7 Qc8 23.Rfe1 b5
24.Qa3 b4 25.Qe3 Ra8 26.Qd2 Kg8 27.Nh2 Nf6 28.Bd3 Ra3 29.Rb3 Qa6 30.Rxa3 Qxa3
31.Re3 Ra8 32.Bb1 Qa6 33.Qc2 e6 34.g4 exd5 35.exd5 Ba4 36.Qe2 Nd7 37.Nf3 Nb6
38.Nd2 Kf8 39.Re7 Bd1 40.Qe4 Qc8 41.Qe1 Na4 42.Re3 Nc3 43.Ne4 Nxe4 44.Rxe4 Ba4
45.Qe3 Qd8 46.f4 Qf6 47.f5 Qb2 48.Qd3 Bd7 49.fxg6 hxg6 50.Qf1 Be8 51.Rf4 Kg7
52.Rf2 Qd4 53.Qd3 Qa1 54.Qc2 Ra3 55.Kg2 Qe5 56.Rf3 Ra7 57.Rf2 Re7 58.Qd3 Qe1
59.Rf1 Qh4 60.Qd2 Re5 61.Qb2 Bd7 62.Bd3 Bxg4 63.hxg4 Qxg4+ 64.Kf2 Qh4+ 65.Kg2 Qg4+
66.Kf2 Kg8 67.Be2 Qh4+ 68.Kf3 Qf6+  0-1